[Event "VIE-ch U13"]
[Site "Hai Phong"]
[Date "2018.07.07"]
[Round "2"]
[White "Nguyen, Phuc Thanh"]
[Black "Nguyen, Minh Dat"]
[Result "1-0"]
[WhiteElo "1838"]
[BlackElo "1825"]
[PlyCount "115"]
[EventDate "2018.07.07"]
[EventType "swiss"]
[EventRounds "9"]
[EventCountry "VIE"]
[SourceTitle "EXT 2019"]
[Source "ChessBase"]
[SourceDate "2018.10.10"]
[SourceVersion "1"]
[SourceVersionDate "2018.10.10"]
[SourceQuality "1"]

1. d4 Nf6 2. c4 g6 3. Nc3 Bg7 4. Nf3 0-0 5. e3 d6 6. Be2 Nbd7 7. 0-0 c5 8. b3 a6 9. Bb2 Nb6 10. Qc2 Qc7 11. h3 Bd7 12. Rad1 a5 13. a4 Rac8 14. Rfe1 Rfd8 15. Bf1 e6 16. e4 Ne8 17. Rd2 cxd4 18. Nxd4 Bxd4 19. Rxd4 e5 20. Rd3 Bc6 21. g3 Nd7 22. Ba3 b6 23. Red1 Nc5 24. Bxc5 bxc5 25. Bg2 Qb7 26. f4 f6 27. Nd5 Bxd5 28. Rxd5 Rb8 29. R1d3 Qb6 30. Qd1 Kg7 31. h4 h6 32. Kh1 h5 33. f5 gxf5 34. exf5 Qa7 35. Qxh5 Qf7 36. Bf3 Rb6 37. Qxf7+ Kxf7 38. Rxc5 Rxb3 39. Rxb3 dxc5 40. Bh5+ Kg7 41. Bxe8 Rxe8 42. Kg2 Rd8 43. Rb5 Rd4 44. Rxc5 e4 45. Kf2 Rd3 46. Rxa5 Rf3+ 47. Kg2 Rc3 48. Rc5 Rc2+ 49. Kf1 e3 50. Rc7+ Kf8 51. Rc6 Rf2+ 52. Ke1 Rxf5 53. Ke2 Kg7 54. Kxe3 Ra5 55. Kd4 Rxa4 56. Re6 Ra3 57. Re3 Ra4 58. Kd5 1-0